000
00321nam a22001337a 4500
008
170130b xxu||||| |||| 00| 0 eng d
020
_a
9780443056918
041
_a
eng
080
_2
2ND
_a
61
100
_a
3
101
_a
SHMI
245
_a
MULTIPLE CHOICE QUESTIONS/ THE COMPELTE MRCP
_c
LIVINGSTONE, CH
942
_2
udc
_c
BK
999
_c
3969
_d
3969